[Event "Udaipur Lakecity rapid op 1st"]
[Site "Udaipur"]
[Date "2019.09.14"]
[Round "1"]
[White "Ziatdinov, Raset"]
[Black "Mythri, Maddisetty"]
[Result "1-0"]
[WhiteElo "2222"]
[BlackElo "1401"]
[PlyCount "81"]
[EventDate "2019.09.14"]
[EventType "swiss (rapid)"]
[EventRounds "9"]
[EventCountry "IND"]
[SourceTitle "EXT 2020"]
[Source "ChessBase"]
[SourceDate "2019.10.17"]
[SourceVersion "1"]
[SourceVersionDate "2019.10.17"]
[SourceQuality "1"]

1. e4 d5 2. exd5 Qxd5 3. d4 c6 4. Nf3 Nf6 5. c4 Qa5+ 6. Nc3 Bf5 7. Be2 e6 8. 0-0 Be7 9. Re1 0-0 10. Bf4 Nbd7 11. Qd2 Qd8 12. Rad1 Nh5 13. Be3 Qc7 14. d5 exd5 15. cxd5 Qd6 16. Nd4 Bg6 17. dxc6 bxc6 18. Bxh5 Bxh5 19. Nf5 Qf6 20. Qxd7 Bxd1 21. Nxe7+ Kh8 22. Rxd1 Rae8 23. Nxc6 Rc8 24. Ne7 Rce8 25. Ned5 Qe5 26. g3 Rd8 27. Qxa7 Qh5 28. Qd4 Rfe8 29. a4 Re6 30. a5 Red6 31. b4 Qg6 32. b5 Qc2 33. b6 Qb3 34. a6 Rb8 35. b7 Rxa6 36. Rb1 Qa3 37. Bf4 Qf8 38. Bxb8 Qxb8 39. Qf4 Qxf4 40. b8Q+ Qxb8 41. Rxb8# 1-0

[Event "Western Asia-ch U12 Girls"]
[Site "Delhi"]
[Date "2019.09.07"]
[Round "4"]
[White "Mythri, Maddisetty"]
[Black "Kheerthi, Ganta"]
[Result "0-1"]
[WhiteElo "1401"]
[BlackElo "1490"]
[PlyCount "114"]
[EventDate "2019.09.06"]
[EventType "swiss"]
[EventRounds "9"]
[EventCountry "IND"]
[SourceTitle "CBM 192 Extra"]
[Source "Chessbase"]
[SourceDate "2019.11.06"]
[SourceVersion "1"]
[SourceVersionDate "2019.11.06"]
[SourceQuality "1"]

1. e4 c6 2. d4 d5 3. exd5 cxd5 4. c4 Nf6 5. Nc3 e6 6. c5 Nc6 7. Bb5 Bd7 8. Nf3 Be7 9. 0-0 0-0 10. Bxc6 Bxc6 11. Ne5 Nd7 12. Nxc6 bxc6 13. b4 e5 14. dxe5 Nxe5 15. Be3 Bf6 16. Bd4 Rb8 17. Rb1 Nc4 18. a4 a6 19. Re1 Na3 20. Rb3 Bxd4 21. Rxa3 Qf6 22. Qd2 Bxc3 23. Rxc3 Rxb4 24. Rf3 Qd4 25. Qe2 Rxa4 26. Qe7 Ra1 27. Rfe3 Rxe1+ 28. Rxe1 a5 29. h3 g6 30. Qd6 Qb4 31. Re7 Rc8 32. Qd7 Qb1+ 33. Kh2 Qf5 34. Re8+ Rxe8 35. Qxe8+ Kg7 36. Qxc6 Qe5+ 37. g3 d4 38. Qb5 d3 39. Qxd3 Qxc5 40. Kg2 a4 41. Qd1 a3 42. Qa1+ f6 43. Qd1 Qc6+ 44. Kg1 a2 45. Qa1 Qc4 46. Qd1 Qb5 47. Qd6 a1Q+ 48. Kh2 Qae5 49. Qxe5 Qxe5 50. Kg2 Qe4+ 51. f3 Qe2+ 52. Kg1 Qxf3 53. Kh2 Qf2+ 54. Kh1 f5 55. g4 f4 56. g5 f3 57. h4 Qg2# 0-1

[Event "Commonwealth-ch U12 Girls"]
[Site "New Delhi"]
[Date "2019.07.07"]
[Round "7.3"]
[White "Sai Mahati, Alapati"]
[Black "Mythri, Maddisetty"]
[Result "1-0"]
[WhiteElo "1394"]
[BlackElo "1380"]
[PlyCount "75"]
[EventDate "2019.07.01"]
[EventType "swiss"]
[EventRounds "7"]
[EventCountry "IND"]
[SourceTitle "EXT 2024"]
[Source "ChessBase"]
[SourceDate "2023.10.10"]
[SourceVersion "1"]
[SourceVersionDate "2023.10.10"]
[SourceQuality "1"]

1. d4 Nf6 2. c4 e5 3. d5 Bc5 4. Nc3 d6 5. e3 0-0 6. Bd3 Re8 7. Nge2 c6 8. 0-0 cxd5 9. cxd5 e4 10. Bc2 Bg4 11. Qd2 Bb4 12. Ng3 Nbd7 13. Qd4 Bxc3 14. bxc3 Qe7 15. h3 Bh5 16. Ba3 Bg6 17. Ba4 Rec8 18. Bd1 h5 19. Ne2 Ne5 20. Bb3 h4 21. Nf4 Bf5 22. Qb4 Ne8 23. Kh2 g5 24. Ne2 g4 25. Nf4 gxh3 26. gxh3 Nf3+ 27. Kh1 Qe5 28. Bb2 Bxh3 29. Rg1+ Nxg1 30. Rxg1+ Kf8 31. Nxh3 Qh5 32. Qxe4 Nf6 33. Qf4 Ke7 34. c4 Nd7 35. Bd1 Qh7 36. Rg7 Qb1 37. Qxf7+ Kd8 38. Qxd7# 1-0